[Event "EU-ch 8th"]
[Site "Dresden"]
[Date "2007.04.06"]
[Round "4"]
[White "Van der Weide, Karel"]
[Black "Nijboer, Friso"]
[Result "1/2-1/2"]
[WhiteElo "2502"]
[BlackElo "2606"]
[Annotator "Marin,M"]
[PlyCount "60"]
[EventDate "2007.04.03"]
[EventType "swiss"]
[EventRounds "11"]
[EventCountry "GER"]
[SourceTitle "CBM 118"]
[Source "ChessBase"]
[SourceDate "2007.05.31"]
[SourceVersion "1"]
[SourceVersionDate "2007.05.31"]
[SourceQuality "1"]

1. e4 e5 2. Nf3 Nc6 3. d4 exd4 4. Nxd4 Nf6 5. Nxc6 bxc6 6. e5 Qe7 7. Qe2 Nd5 8.
c4 Nb6 9. Nc3 Qe6 10. Qe4 g6 {Practice over the past few years shows that this
move is an adequate solution to Kasparov's quest when he introduced 10.Qe4. My
faith in Black's position is based not only on my good results with it, but
also in its thorough analysis when I was preparing the material for "Beating
the Open Games".} 11. Bd3 {One of the numerous developing moves in this
position. White intends to get castled as soon as possible, but defining the
position of the king's bishop so soon could lead to loss of time at a later
stage. Van der Weide has quite some experience with this line, as we shall see.
} Bg7 12. f4 ({The generally desirable} 12. Bf4 $6 {, developing a piece
instead of weakening the pawn structure has the significant drawback that it
places the bishop on an exposed square. Concretely, after} Ba6 13. b3 d5 14.
cxd5 cxd5 {White cannot carry out the typical combination} 15. Nxd5 $2 {
because of} Qxd5 $1 16. Qxd5 Nxd5 {when the bishop is hanging.}) 12... O-O (
12... Ba6 $6 {is probably premature.} 13. b3 O-O (13... d5 $2 {does not work
because of} 14. cxd5 cxd5 15. Nxd5 $1 $16) 14. Ba3 $1 d5 (14... Rfe8 15. Qf3 $1
{Preventing ...d5 because of the simple cxd5 winning the a6-bishop.} f6 16.
O-O-O $5 {Clearing the long diagonal for the eventuality of ...fxe5-e4.} fxe5
17. f5 $1 $36 {[%csl Ga6]}) 15. cxd5 $6 (15. Qf3 $1 {Now, the threat cxd5,
winning the a6-bishop does not give Black time to save his exchange.} dxc4 16.
Bxf8 Rxf8 17. bxc4 $16 {Black hardly has compenstaion for the exchange.}) 15...
cxd5 16. Qe2 Bxd3 17. Qxd3 Rfd8 18. O-O Rac8 19. Rae1 c5 $132 {Van der Weide,K
(2446)-De Boer,S (2353)/Amsterdam 2006/CBM 113 ext (1/2-1/2, 52)}) 13. c5 {
White has not sufficient development to justify such a radical continuation.} (
{However the more neutral} 13. O-O {offers Black excellent counterplay after}
Ba6 14. b3 d5 $1 15. cxd5 cxd5 {With the king away from the centre, Nc3xd5 is
not possible anymore because of the simple ...Bxd3.} 16. Qe2 Bxd3 17. Qxd3 c5
18. Ba3 (18. Bb2 Rac8 19. Rad1 Rfd8 20. Ne2 d4 $132 {Zumsande,M (2391)-Marin,M
(2511)/playchess.com INT 2004/EXT 2005 (0-1, 46)}) 18... Rfc8 $6 {[%csl Yd5]
Slightly unnatural.} (18... Rac8 $1 $132 19. Rad1 $140 f6) 19. Rad1 a5 20. Qf3
(20. Nxd5 $2 Rd8 $1) 20... a4 21. b4 $1 $36 {Pavasovic,D (2527)-Pinter,J (2526)
/Sibenik 2005/CBM 108 ext (1/2-1/2, 45)}) 13... Nd5 14. O-O (14. Bc4 {is just
a loss of time and can hardly yield White any advantage.} Bb7 15. O-O (15. Kf2
$6 Qe7 16. Qd4 {Afromeev-Paronjan, Tula 2000} d6 $1 $15) 15... Qe7 16. Qd4 (16.
Be3 Nxe3 17. Qxe3 d5 18. cxd6 cxd6 19. Rae1 d5 20. Bb3 f6 21. e6 f5 22. Na4
Rfe8 $15 {Black will gradually surround the e6-pawn, taking advantage of the
fact that the white bishop is restricted by Black's central pawns.}) 16... d6
$1 $11 {This well-timed pawn break leads to mass simplifications.}) (14. Bd2 {
is strongly met by} Rb8 {[%csl Yb2]}) 14... d6 {After this well-timed pawn
break, White loses stability in the centre.} 15. exd6 cxd6 16. Nxd5 cxd5 17.
Qxe6 Bxe6 $146 ({This looks more natural than} 17... fxe6 {, although Black
did quite OK after} 18. cxd6 Rd8 19. Rb1 Bd4+ 20. Kh1 a5 21. Bd2 Rxd6 22. Rfc1
a4 23. h4 Ba6 $11 {Van der Weide,K (2466)-De Jong,J/Hilversum 2006/CBM 110 ext
(1/2-1/2, 45)}) 18. cxd6 Rfd8 19. Rb1 Bd4+ 20. Kh1 Rxd6 $11 {Black has
successfully solved the opening problems.} 21. Bd2 Rc8 22. h3 Rb6 23. b3 Bc3
24. Bxc3 Rxc3 25. Rbd1 a5 26. Rf2 a4 27. bxa4 Rb4 28. f5 gxf5 29. Bxf5 Rxa4 30.
Bc2 Rac4 1/2-1/2

[Event "Dortmund SuperGM 40th"]
[Site "Dortmund"]
[Date "2012.07.13"]
[Round "1"]
[White "Caruana, Fabiano"]
[Black "Naiditsch, Arkadij"]
[Result "1/2-1/2"]
[WhiteElo "2775"]
[BlackElo "2700"]
[Annotator "Marin,M"]
[PlyCount "119"]
[EventDate "2012.07.13"]
[EventType "tourn"]
[EventRounds "9"]
[EventCountry "GER"]
[EventCategory "19"]
[SourceTitle "CBM 150"]
[Source "ChessBase"]
[SourceDate "2012.09.14"]
[SourceVersion "1"]
[SourceVersionDate "2012.09.14"]
[SourceQuality "1"]

1. e4 e5 2. Nf3 Nc6 3. d4 exd4 4. Nxd4 Bc5 5. Nb3 Bb6 6. Nc3 Nf6 7. Qe2 O-O 8.
Be3 Re8 9. f3 d5 $146 (9... Bxe3 10. Qxe3 d6 {0-1 Karjakin,S (2269)-Zubov,O 
(2328)/Alushta 2001/EXT 2003 (58)}) (9... d6 {Panarin,M (2538)-Khalifman,A 
(2651)/Tyumen 2012/CBM 149 (1/2, 41)}) 10. O-O-O {We have a position with
mutual pins. The outcome of the opening greatly depends on who will manage to
solve the tension to his favour.} Be6 11. Qf2 Ne5 $6 {/\...Ng4} (11... Qd6 $5 {
/\...Qe5 (with or without ...Rad8) would be a simpler way to get out of the
pin and make the threat against the e4-pawn real.}) 12. h3 Ng6 13. Bxb6 axb6
14. f4 (14. exd5 Nxd5 15. Nxd5 Bxd5 16. c4 $2 Qg5+ $17) 14... Bd7 15. f5 $36
Ne5 16. exd5 b5 17. a3 Nc4 18. Bxc4 bxc4 19. Nd2 b5 20. g4 b4 21. axb4 Ra1+ 22.
Ndb1 Ne4 23. Nxe4 Rxe4 24. f6 Qa8 25. Qf3 Qe8 26. Qc3 (26. d6 $1 $16) 26... Qa8
27. Qf3 Qe8 28. Rhf1 g5 (28... Ba4 $5 {[%cal Ge4e2]}) 29. Qg3 Re3 30. Rf3 $2
$19 (30. Qf2 Qe4 (30... Re2 31. Rde1 $1 $18) 31. Rfe1 $16) 30... Re2 $1 $40 31.
Rf2 Ba4 32. Qf3 Rxb1+ $1 33. Kxb1 Bxc2+ 34. Kc1 Bxd1 35. Kxd1 Re3 36. Qf5 h6 $2
({The following winning line is not easy to spot during the game:} 36... Re1+
37. Kc2 Qa4+ 38. Kc3 Qb3+ 39. Kd4 Rd1+ 40. Kc5 Qe3+ 41. Kc6 {Naiditsch might
have stopped his calculating around here. It seems that the king escapes, but
this is not true.} Qb6+ 42. Kd7 Qd6+ 43. Kc8 Rxd5 $19) 37. b5 Re5 $2 (37...
Re1+ $1 $19) 38. Qf3 Qxb5 $2 $15 (38... Re1+ 39. Kc2 Qxb5 $40) 39. Re2 Qxd5+
40. Qxd5 Rxd5+ 41. Kc2 Rd6 42. Re8+ Kh7 43. Re7 Rxf6 44. Rxc7 Rf4 45. Kc3 Kg6
46. Rxc4 Rf3+ 47. Kc2 Rxh3 48. b4 h5 49. gxh5+ Rxh5 50. b5 Rh8 51. b6 Rb8 52.
Rb4 Kf6 53. Kd3 Ke6 54. b7 Kd6 55. Ke4 Kc6 56. Kf5 Rxb7 57. Rxb7 Kxb7 58. Kxg5
Kc6 59. Kf6 Kd5 60. Kxf7 1/2-1/2

[Event "Foros Aerosvit"]
[Site "Foros"]
[Date "2007.06.23"]
[Round "6"]
[White "Rublevsky, Sergei"]
[Black "Onischuk, Alexander"]
[Result "1/2-1/2"]
[WhiteElo "2680"]
[BlackElo "2663"]
[Annotator "Marin,M"]
[PlyCount "72"]
[EventDate "2007.06.18"]
[EventType "tourn"]
[EventRounds "11"]
[EventCountry "UKR"]
[EventCategory "18"]
[SourceTitle "CBM 119"]
[Source "ChessBase"]
[SourceDate "2007.08.01"]
[SourceVersion "1"]
[SourceVersionDate "2007.08.01"]
[SourceQuality "1"]

1. e4 e5 2. Nf3 Nc6 3. d4 exd4 4. Nxd4 Nf6 5. Nxc6 bxc6 6. e5 Qe7 7. Qe2 Nd5 8.
c4 Ba6 9. b3 O-O-O 10. g3 g5 {This slightly extravagant advance of the g-pawn
was introduced into high level practice by Anand in his match against Kasparov,
although the idea had been occasionally played before in less important events.
(true, Anand played ...g5 one move earlier).} 11. Bb2 Bg7 12. Nd2 Nb4 ({
The main alternative is} 12... Rhe8 {, maintaining the tension.}) 13. Nf3 Rhe8
{An original tabyia of the third millenium. It looks as though Black has a
considerable lead in development, but this is a delicate matter in the Mieses
Scotch. Is the a6-bishop really developed? The answer to this crucial question
is far from one-sided. In certain cases, Black needs more tempi to activate
this bishop than White to get castled.} 14. a3 {We can see that the situation
of this knight is not entirely clear either.} ({The alternative} 14. Bh3 {
was examined in previous issues of CBM.} c5 $1 15. Bg4 {Motylev,A (2601)
-Jakovenko,D (2521)/Elista 2001/CBM 083/[Postny] (1/2-1/2, 41)} (15. O-O $6 h5
$1 {Nataf,I (2557)-Perelshteyn,E (2505)/Montreal 2005/CBM 105/[Erenburg] (1/
2-1/2, 28)})) 14... g4 15. axb4 $146 ({Previously, White has tried to trap
this knight on other squares, but he has generally failed to do so.} 15. Nh4
Bxe5 16. O-O-O Na2+ 17. Kc2 Qf6 18. Bxe5 Rxe5 19. Qd2 {The knight seems to be
in danger, but White is too poorly coordinated to be able to capture it.} Rde8
$5 (19... Re6 20. Bd3 d5 21. Bf5 d4 $44 {Reefat,B (2467)-Ganguly,S (2498)/
Kelamabakkam 2000/CBM 079 (1/2-1/2, 33)}) 20. Kb1 (20. Bd3 d5 $15 {Zorko,J 
(2339)-Roskar,R (2278)/Bled 2005/CBM 109 ext (0-1, 68)}) 20... Re2 $1 21. Qxd7+
Kb7 22. Bxe2 Rxe2 23. Rd2 Qxf2 $11 {and the open position of the white king
ensures Black a draw by perpetual, Macieja,B (2542)-Kallio,H (2360)/Stockholm
1999/CBM 074 ext (0-1, 60)}) 15... gxf3 16. Qe3 Qxb4+ (16... Bxe5 17. Bxe5 Qxe5
18. Qxe5 Rxe5+ 19. Kd2 Bb7 (19... Kb7 20. Bd3 {/\Ra4, Rha1} d5 21. b5 $1 $18)
20. Rxa7 Kb8 21. Ra1 $14) 17. Bc3 $5 {This might look like a blunder, but is
in fact a subtle sacrifice of another pawn.} ({The situation remains uncertain
after} 17. Kd1 {, too.}) 17... Rxe5 $1 18. Bxb4 Rxe3+ 19. fxe3 Bxa1 20. Bh3 Be5
21. O-O $44 {Despite his considerable material advantage and the reduced
number of remaining forces, Black has to play carefully. His kingside pawns
are weak and the a6-bishop can do nothing to defend them yet.} Bb7 (21... Kb7
22. Rxf3 f6 {/\...d5} 23. Be7 Re8 24. Bxf6 $1 Rf8 25. Bxe5 Rxf3 26. Bf4 $16)
22. Rd1 {[%csl Gd7] Threatening to paralyze Black with Bc5!} (22. Bc5 Kb8 $1)
22... c5 $1 23. Bxc5 Bc6 {Finally, the bishop is breathing, but Black's king
and rook are more passive than their rivals, while the f3-pawn is vulnerable.}
24. Kf2 h5 (24... a6 25. Bf5 $14 {/\e4, Kxf3}) 25. Bxa7 $6 {Having been two
pawns down for several moves, Rublevsky takes his first chance to re-establish
the material equality. In doing so, he reduces his chances for an advantage,
possibly as a consequence of overlooking Black's 27th move.} (25. Bf5 h4 26. e4
{, with advantage of space for White, looks more consistent. The a-pawn can
wait.}) 25... h4 26. Bd4 hxg3+ 27. hxg3 Rh8 $1 28. Bxd7+ Bxd7 29. Bxe5 Rh5 30.
Bf6 Bg4 $44 {The presence of opposite-coloured bishops and the advanced
f3-pawn offer Black reasonable chances to hold this position.} 31. Bh4 Ra5 32.
Rd8+ Kb7 33. Rd2 Ra1 34. e4 (34. Rb2 Rh1 $11) 34... Rb1 35. Bf6 Rxb3 36. Rb2
Rxb2+ 1/2-1/2

[Event "Dortmund SuperGM 40th"]
[Site "Dortmund"]
[Date "2012.07.13"]
[Round "1"]
[White "Karjakin, Sergey"]
[Black "Kramnik, Vladimir"]
[Result "1/2-1/2"]
[WhiteElo "2779"]
[BlackElo "2799"]
[Annotator "Marin,M"]
[PlyCount "64"]
[EventDate "2012.07.13"]
[EventType "tourn"]
[EventRounds "9"]
[EventCountry "GER"]
[EventCategory "19"]
[SourceTitle "CBM 150"]
[Source "ChessBase"]
[SourceDate "2012.09.14"]
[SourceVersion "1"]
[SourceVersionDate "2012.09.14"]
[SourceQuality "1"]

1. e4 e5 2. Nf3 Nc6 3. d4 exd4 4. Nxd4 Nf6 5. Nxc6 bxc6 6. e5 Qe7 7. Qe2 Nd5 8.
c4 Nb6 9. Nc3 Ba6 10. b3 O-O-O 11. Bb2 Re8 12. f4 f6 13. O-O-O fxe5 14. fxe5
Qxe5 15. Qxe5 Rxe5 16. Bd3 Re8 17. Rhf1 d5 $146 {Black cannot do without this
move for too long, since his queenside minor pieces need to be activated.} (
17... Be7 {Pavasovic,D (2544)-Rogic,D (2494)/St Veit 2000/EXT 2001/ (1-0, 49)})
18. cxd5 Bxd3 19. Rxd3 Nxd5 20. Nxd5 cxd5 21. Rxd5 Bd6 {Black's structure is
more fragmented, but his king is slightly safer. If we add the reduced
material remaining on board, the final result becomes obvious.} 22. Bxg7 Rhg8
23. Rf7 Re2 24. Rd2 Rxg7 25. Rxg7 Bf4 26. Rgd7 Rxg2 27. Kc2 Bxd2 28. Rxd2 Rg4
29. Rd3 Rg2+ 30. Rd2 Rg4 31. Rd3 Rg2+ 32. Rd2 Rg4 1/2-1/2

[Event "Tata Steel-C 75th"]
[Site "Wijk aan Zee"]
[Date "2013.01.13"]
[Round "2"]
[White "Kovchan, Alexander"]
[Black "Brunello, Sabino"]
[Result "0-1"]
[WhiteElo "2579"]
[BlackElo "2572"]
[Annotator "Martin,A"]
[PlyCount "88"]
[EventDate "2013.01.12"]
[EventType "tourn"]
[EventRounds "13"]
[EventCountry "NED"]
[EventCategory "9"]
[SourceTitle "EXT 2016"]
[Source "ChessBase"]
[SourceDate "2015.10.08"]
[SourceVersion "1"]
[SourceVersionDate "2015.10.08"]
[SourceQuality "1"]

{The Scotch really is a popular choice for White in 2013 second only to the
Ruy Lopez at the highest level. The classical 4...Bc5 has always been a good,
solid response, but wobbled slightly after Kasparov re-evaluated 5.Nxc6!?
around the time of his match vs Short.} 1. e4 e5 2. Nf3 Nc6 3. d4 exd4 4. Nxd4
Bc5 5. Nxc6 $5 Qf6 6. Qd2 (6. Qf3 {is also a move which Black has to closely
consider.}) 6... dxc6 7. Nc3 Bd4 $1 {An unusual counter with which Black has
been scoring well. The main points seem to be to not only activate the Bishop
to the maximum, but to provide cover on the d file in order to castle long. If
White wants to shift the Bishop he has to retreat with Ne2 and this costs time.
} 8. Bd3 (8. Bc4 Be6 9. Bxe6 fxe6 10. Nd1 O-O-O $17 {is better for Black
already. White's pieces are uncomfortably placed.} 11. Qg5 Qf7 12. Be3 Nf6 13.
f3 h6 14. Qa5 Kb8 15. O-O Nh5 16. Bxd4 Rxd4 17. Ne3 Rhd8 18. Rfd1 Nf4 19. Qe1
c5 20. c3 Nd3 21. Qg3 R4d7 22. Rd2 a6 23. Kh1 g5 24. h3 Nf4 25. Rxd7 Qxd7 26.
Qf2 Qb5 27. b3 Qe2 28. Qxe2 Nxe2 29. Ng4 h5 30. Nf6 h4 31. Nh7 Nf4 32. e5 Rd7
33. Nxg5 Rg7 34. Ne4 Rxg2 35. Rg1 Rxa2 36. Nxc5 Rf2 37. Rg4 Rxf3 38. Rxh4 Rxc3
39. b4 Rxh3+ 40. Rxh3 Nxh3 41. Kg2 Ng5 42. Kg3 b6 43. Nxa6+ Kb7 44. b5 c5 45.
Kf4 Nf7 46. Ke4 Nh6 47. Kd3 Nf5 48. Kc4 Ne3+ 49. Kd3 Nd5 50. Kc4 Nc7 51. Nxc5+
bxc5 52. Kxc5 Nd5 53. b6 Nf4 {0-1 Tiviakov,S (2668)-Mamedyarov,S (2722)/San
Sebastian 2006}) ({To me} 8. f4 $5 {seems quite critical, but it has not been
tried too often. I suppose Black is OK after} Be6 (8... Nh6 $5 9. e5 Qh4+ 10.
g3 Qd8 11. Bg2 O-O 12. Ne4 a5 $13) 9. e5 Qh4+ 10. g3 Qd8 11. Bg2 Nh6) 8... Ne7
9. O-O Ng6 {Black is covering the dark squares in the centre.} 10. Ne2 Bb6 11.
Nf4 {A very respectful move, offering exchanges, which cannot give Black any
problems} ({Instead} 11. Ng3 Ne5 (11... O-O 12. Qg5 Qxg5 13. Bxg5 Ne5 14. Be2
f6 15. Bf4 Be6 $11) 12. Be2 O-O 13. Qc3 Re8 14. Be3 Ng4 $1 15. Qxf6 Nxf6 16.
Bxb6 axb6 17. f3 h5 {is active enough for Black to claim equality. He even
went on to win in the following high-class game:} 18. Rfd1 h4 19. Nf1 b5 20. a3
Nd7 21. Ne3 Nc5 22. c4 bxc4 23. Bxc4 g6 24. Rac1 Be6 25. Kf2 Kf8 26. b4 (26.
Ke2 $14) 26... Bxc4 27. Nxc4 Ne6 28. Na5 c5 29. Nxb7 cxb4 30. axb4 Ra2+ 31. Ke3
Rxg2 32. Nc5 Rxh2 33. Nxe6+ Rxe6 34. Rxc7 Rb2 35. Rdd7 Rb3+ 36. Kf4 Rf6+ 37.
Kg5 Kg7 38. f4 h3 39. Kg4 h2 40. Rd1 Rxb4 41. Re7 Rd6 42. Rh1 Rd2 43. e5 Kf8
44. Ra7 Rb3 45. Ra8+ Kg7 46. Ra7 Rg2+ 47. Kh4 Rg1 48. Rxh2 Rb8 {0-1 Rublevsky,
S (2671)-Akopian,V (2689)/Sochi 2004}) 11... Qh4 12. Nxg6 (12. g3 Qe7 13. Qc3
Bg4 (13... O-O {is safer and leads to an equal position.}) 14. Kg2 (14. h3 Bf3
$13) 14... O-O-O 15. f3 Bd4 16. Qa5 Bd7 17. Rd1 Kb8 18. Qe1 Ne5 19. Be3 Bxe3
20. Qxe3 g5 21. Nh5 f6 22. Be2 c5 23. Rd5 b6 24. Rad1 Rde8 25. g4 Bc6 26. R5d2
Qf7 27. Qb3 c4 28. Qc3 f5 29. exf5 Nxg4 30. Ng7 Ne3+ 31. Kf2 Nxd1+ 32. Rxd1
Rxe2+ 33. Kxe2 Rg8 34. f6 Rf8 35. Rd4 h6 36. h4 gxh4 37. Rxh4 Qg6 {0-1
Pavasovic,D (2597)-Svidler,P (2732)/Khanty-Mansiysk 2007/CBM 122}) 12... hxg6
13. Qf4 Be6 14. Qxh4 Rxh4 15. Re1 Rh8 16. Bg5 f6 17. Be3 Bxe3 18. Rxe3 g5 19.
Rf1 Ke7 {Two sets of doubled pawns and yet Black is not worse. He has active
pieces and a better king, which counterbalence White's structural advantage.
White has a long hard struggle to create a passed pawn, if it can be done at
all without compromising his position.} 20. Rg3 Rh4 21. e5 Kf7 22. Re1 Rd8 23.
h3 Rhd4 24. Be2 $6 {Rather optimistic. Perhaps White overestimates his chances.
} (24. b3 c5 25. exf6 gxf6 26. Rge3 R8d6 {looks OK for Black too.}) 24... fxe5
$1 25. Bd3 Kf6 {Why not?} 26. Rf3+ Rf4 27. Rfe3 Rd5 $1 28. b3 Rc5 29. R1e2 g4 {
The doubled pawns are dissolved and Black's advantage immediately increases.}
30. g3 (30. hxg4 Bxg4 31. f3 Bf5 32. Bxf5 Rxf5 33. c4 Rf4 34. g3 Rd4 35. Kf2 b5
$1 $17 {Black may win this position, he may not, but it will be extremely
unpleasant for White throughout.}) 30... Rd4 31. hxg4 Bxg4 32. Re1 a5 33. Kg2
Be6 34. Rh1 $2 {For the second time White plays too actively and mis-assesses
the position. He has to go passive with} (34. Rf3+ Ke7 35. Rfe3 {and hope that
he can hold.}) 34... e4 $1 35. Rhe1 (35. Bxe4 Rxe4 36. Rxe4 Bd5 37. f3 Rxc2+
38. Kh3 Bxe4 39. fxe4 Rxa2 $19) 35... Bd5 36. Bxe4 Rxe4 37. Rxe4 Rxc2 38. Kf1
Bxe4 39. Rxe4 Rxa2 {It is two pawns now and that is quite enough for an easy
win.} 40. Rf4+ Kg6 41. Ke1 Ra3 42. Rg4+ Kh7 43. Rh4+ Kg8 44. b4 Ra4 {It is
often the case that a paradoxical idea ( 6.Qd2) is met successfully by an
equally unusual response ( 7...Bd4) in order to reach a correct balance.} 0-1